Normal view
MARC view
- Chaudhari M.& Chaudhari A
Entry Personal Name
001 - CONTROL NUMBER
- control field: 188049
003 - CONTROL NUMBER IDENTIFIER
- control field: OSt
005 - DATE AND TIME OF LATEST TRANSACTION
- control field: 20230714210901.0
008 - FIXED-LENGTH DATA ELEMENTS
- fixed length control field: 230714|| aca||aabn | a|a d
040 ## - CATALOGING SOURCE
- Original cataloging agency: OSt
- Transcribing agency: OSt
100 ## - HEADING--PERSONAL NAME
- Personal name: Chaudhari M.& Chaudhari A
670 ## - SOURCE DATA FOUND
- Source citation: Work cat.: (OSt)181429: Chaudhari M. 188048, The Great Indian Dream, 2003